| 000 -LEADER |
| fixed length control field |
02541nam a22007577a 4500 |
| 001 - CONTROL NUMBER |
| control field |
4962161 |
| 003 - CONTROL NUMBER IDENTIFIER |
| control field |
LIBRIS |
| 005 - DATE AND TIME OF LATEST TRANSACTION |
| control field |
20210419082009.0 |
| 008 - FIXED-LENGTH DATA ELEMENTS--GENERAL INFORMATION |
| fixed length control field |
011211s1977 xxu 000 0 eng c |
| 020 ## - INTERNATIONAL STANDARD BOOK NUMBER |
| International Standard Book Number |
0465044522 (inb.) |
| 020 ## - INTERNATIONAL STANDARD BOOK NUMBER |
| International Standard Book Number |
0465044530 (hft.) |
| 040 ## - CATALOGING SOURCE |
| Original cataloging agency |
H |
| Language of cataloging |
eng |
| Transcribing agency |
DLC |
| 041 ## - LANGUAGE CODE |
| Language code of text/sound track or separate title |
eng |
| 080 ## - UNIVERSAL DECIMAL CLASSIFICATION NUMBER |
| Universal Decimal Classification number |
65 |
| Item number |
K-19 |
| 082 04 - DEWEY DECIMAL CLASSIFICATION NUMBER |
| Classification number |
302.35 |
| Edition number |
23/swe |
| 084 ## - OTHER CLASSIFICATION NUMBER |
| Classification number |
Qb:oa |
| Number source |
kssb/5 |
| 084 ## - OTHER CLASSIFICATION NUMBER |
| Classification number |
Ohj |
| Number source |
kssb/5 |
| 084 ## - OTHER CLASSIFICATION NUMBER |
| Classification number |
Oaba |
| Number source |
kssb/6 |
| 084 ## - OTHER CLASSIFICATION NUMBER |
| Classification number |
Ohj |
| Number source |
kssb/6 |
| 084 ## - OTHER CLASSIFICATION NUMBER |
| Classification number |
Oaba |
| Number source |
kssb/6 |
| 084 ## - OTHER CLASSIFICATION NUMBER |
| Classification number |
Ohj |
| Number source |
kssb/5 |
| 100 1# - MAIN ENTRY--PERSONAL NAME |
| Personal name |
Kanter, Rosabeth Moss |
| Authority record control number or standard number |
192573 |
| 245 00 - TITLE STATEMENT |
| Title |
Men and women of the corporation / |
| Statement of responsibility, etc. |
Rosabeth Moss Kanter |
| Remainder of title |
/ by: Basic Books |
| 260 ## - PUBLICATION, DISTRIBUTION, ETC. |
| Place of publication, distribution, etc. |
New York |
| Name of publisher, distributor, etc. |
Basic Books |
| Date of publication, distribution, etc. |
cop. 1977 |
| 300 ## - PHYSICAL DESCRIPTION |
| Extent |
348 p. |
| 365 ## - TRADE PRICE |
| Price amount |
4.95 usd |
| 650 #7 - SUBJECT ADDED ENTRY--TOPICAL TERM |
| Topical term or geographic name entry element |
Organisationspsykologi |
| Source of heading or term |
sao |
| Authority record control number or standard number |
161652 |
| 650 #0 - SUBJECT ADDED ENTRY--TOPICAL TERM |
| Topical term or geographic name entry element |
Organizational behavior |
| 650 #0 - SUBJECT ADDED ENTRY--TOPICAL TERM |
| Topical term or geographic name entry element |
Business |
| 9 (RLIN) |
323 |
| 650 #0 - SUBJECT ADDED ENTRY--TOPICAL TERM |
| Topical term or geographic name entry element |
White collar workers |
| 650 #4 - SUBJECT ADDED ENTRY--TOPICAL TERM |
| Topical term or geographic name entry element |
Sociologi |
| 650 #4 - SUBJECT ADDED ENTRY--TOPICAL TERM |
| Topical term or geographic name entry element |
Arbetsmilj� |
| 650 #4 - SUBJECT ADDED ENTRY--TOPICAL TERM |
| Topical term or geographic name entry element |
Yrkeskvinnor |
| 653 ## - INDEX TERM--UNCONTROLLED |
| Uncontrolled term |
ბიზნესი |
| 900 1s - EQUIVALENCE OR CROSS-REFERENCE-PERSONAL NAME [LOCAL, CANADA] |
| Linkage |
100 |
| Affiliation |
Kanter, Rosabeth Moss |
| 942 ## - ADDED ENTRY ELEMENTS (KOHA) |
| Source of classification or shelving scheme |
|
| Koha item type |
Books |